00458nam a2200193Ia 4500008004100000020001800041050001400059100001600073245002400089245001600113250001900129260001500148260003100163260000900194300001600203300002700219300001000246500000800256170918s9999 xx 000 0 und d a9780316053891 bM414 2008 aMass, Wendy aEvery soul a star / cWendy Mass. aFirst edition. aNew York : bLittle, Brown and Company, c2008 a322 pages : bcolored illustration ; c19cm. a740